| 000 | 00533nam a2200193Ia 4500 | ||
|---|---|---|---|
| 001 | 57272 | ||
| 008 | 131228n ii |||gr||||Z||||||465 | ||
| 020 | _a978-0-415-33639-0 | ||
| 082 | _a809.933 | ||
| 245 | 0 |
_aBhabha :The Location of Culture _cHomi K _hTextual Documents |
|
| 250 | _aFirst--1994. | ||
| 260 |
_aLondon &New York _bRoutledge Publishers |
||
| 300 |
_a408pg: _bindex; _c22cm. |
||
| 653 | _aEnglish | ||
| 653 | _aEnglish Literature | ||
| 653 | _aBhabha The Location Of Culture | ||
| 700 | _aK,Homi. | ||
| 942 |
_2ddc _cBK |
||
| 999 |
_c57185 _d57185 |
||